01790naa a2200265 i 4500001000400000003000900004005001700013008003900030040002100069080001200090100013600102245023800238500002100476520038100497650001700878650001000895650002200905655003000927700013400957773027101091711009901362942001301461999001301474952003701487605KOSZ 00520180209152321.0150525s2006 pl f |100 0 pol cBPKdKOSZ 005/EG a620.1931 aHRYNIEWICZ, Tadeusz.d1996 - .bPolitechnika Koszalińska - Wydział Mechaniczny,cKatedra Elektrochemii i Technologii Powierzchni10aThe effect of burnishing of 45C steel on its corrosion resistance - model investigation =bWpływ obróbki nagniataniem na szybkość korozji stali 45 - badania modelowe /cTadeusz Hryniewicz, Krzysztof Rokosz, Edyta Fuchs-Rokosz. aDane z autopsji. aPraca dotyczy badań korozyjnych modeli nierówności o zarysie trójkątnym ze stali węglowej 45 poddawanych deformacji. Opisane są badania zarówno na modelu rzeczywistym, jak i wirtualnym w programie ANSYS. Na podstawie wykonanych badań można przewidzieć dodatnie działanie deformacji przy założonych geometriach przestrzennych badanych nierówności. 0aNagniatanie. 0aStal. 0aKorozja i erozja. 0aMateriały konferencyjne.1 aROKOSZ, Krzysztof.d2002 - .bPolitechnika Koszalińska - Wydział Mechaniczny,cKatedra Elektrochemii i Technologii Powierzchni0 iW :tIX Konferencja Naukowo-Techniczna nt. Innowacje w motoryzacji a bezpieczeństwo ruchu drogowego : [IX Słupskie Forum Motoryzacji], Słupsk 26.05.2006 : praca zbiorowa / pod red. Leona Kukiełki. -dSłupsk : Starostwo Powiatowe w Słupsku, 2006. -gs. 103-11422aSłupskie Forum Motoryzacjin(9 ;d2006 ;cSłupsk, Polska).pSłupskie Forum Motoryzacji'2006 cROZ2UKD c605d605 00104070aBPKbBPKo84497yROZ